[Event "the third english slow knock out"]
[Site "SchemingMind.com"]
[Date "2018.07.25"]
[Round "-"]
[White "Till Plewe"]
[Black "Apocalypse"]
[Result "1-0"]
[WhiteCountry "JPN"]
[BlackCountry "USA"]
[WhiteElo "2496"]
[WhiteRD "79"]
[BlackElo "2375"]
[BlackRD "75"]
[GameID "430576"]

1. c4 e5 2. Nc3 Bb4 3. Qc2 Nf6 4. Nf3 Nc6 5. e3 Bxc3 6. Qxc3 Qe7 7. d4 Ne4 8. Qd3 exd4 9. Nxd4 O-O 10. Be2 Qb4+
11. Kf1 Qe7 12. f3 Nc5 13. Qd2 Re8 14. b3 Nxd4 15. exd4 Ne6 16. Bb2 d5 17. g3 c6 18. Kf2 Qf6 19. h4 Nf8 20. Qg5 Qe6
21. Rae1 Qd6 22. Bd3 Bd7 23. c5 Rxe1 24. Rxe1 Qc7 25. Bc3 Ne6 26. Qd2 g6 27. h5 Qb8 28. b4 Qe8 29. a4 Qe7 30. b5 Qf8
31. Re5 Re8= 32. a5 Qg7 33. a6 bxa6 34. bxc6 Bxc6 35. Qa2 Nxc5 36. dxc5 Rxe5 37. Qxa6 Bd7 38. Qxa7 d4 39. c6
1-0

[Event "the third english slow knock out"]
[Site "SchemingMind.com"]
[Date "2018.07.25"]
[Round "-"]
[White "Apocalypse"]
[Black "Till Plewe"]
[Result "1/2-1/2"]
[WhiteCountry "USA"]
[BlackCountry "JPN"]
[WhiteElo "2441"]
[WhiteRD "102"]
[BlackElo "2468"]
[BlackRD "78"]
[GameID "430577"]

1. c4 e5 2. Nc3 Nf6 3. e3 Bb4 4. Nge2 O-O 5. a3 Be7 6. d4 exd4 7. exd4 d5 8. Nxd5 Nxd5 9. cxd5 Qxd5 10. Nc3 Qd8
11. Bd3 Nc6 12. d5 Ne5 13. O-O Nxd3 14. Qxd3 Bd6 15. Bd2 c6 16. Rfd1 Bg4 17. Re1 cxd5 18. Qxd5 Qd7 19. Be3 Rac8 20. Qd4 Bb8
21. f3 Qxd4 22. Bxd4 Be6 23. Be5 Bxe5 24. Rxe5 Rfd8 25. Kf2 Rd2+= 26. Re2 Rcd8 27. Ke1 R2d3 28. Rd1 Rxd1+ 29. Nxd1 g5 30. Rd2 Rc8
31. Kf2 Kg7 32. Ke3 h6 33. Nc3=
1/2-1/2

[Event "the third english slow knock out"]
[Site "SchemingMind.com"]
[Date "2018.07.27"]
[Round "-"]
[White "Robert Hatfield"]
[Black "flyinduck"]
[Result "1-0"]
[WhiteCountry "USA"]
[BlackCountry "CAN"]
[WhiteElo "1886"]
[WhiteRD "75"]
[BlackElo "2084"]
[BlackRD "62"]
[GameID "430714"]

1. c4 e5 2. Nc3 d6 3. g3 Be7 4. Bg2 f5 5. d4 Nf6 6. d5 O-O 7. Nf3 e4 8. Nd4 c5 9. dxc6 bxc6 10. O-O c5
11. Nc2 Nc6 12. Bg5 h6 13. Bxf6 Bxf6 14. Qd5+
1-0

[Event "the third english slow knock out"]
[Site "SchemingMind.com"]
[Date "2018.07.27"]
[Round "-"]
[White "flyinduck"]
[Black "Robert Hatfield"]
[Result "1-0"]
[WhiteCountry "CAN"]
[BlackCountry "USA"]
[WhiteElo "2024"]
[WhiteRD "53"]
[BlackElo "1900"]
[BlackRD "72"]
[GameID "430715"]

1. c4 c5 2. Nf3 Nf6 3. e3 g6 4. d4 Bg7 5. Bd3 O-O 6. O-O cxd4 7. exd4 d5 8. c5 Nc6 9. h3 Qc7 10. Nc3 Bd7
11. Re1 Rad8 12. a3 Qc8 13. Bf1 Bf5 14. b4 a6 15. Be3 Ne4 16. Qb3 Nxc3 17. Qxc3 Rfe8 18. Rad1 e5 19. dxe5 Nxe5 20. Nxe5 Rxe5
21. Bd4 Rxe1 22. Rxe1 Bxd4 23. Qxd4 Qd7 24. Qf6 Re8 25. Rxe8+ Qxe8 26. Qd6 Qd7 27. Qxd7 Bxd7 28. f4 f5 29. Kf2 Kf7 30. Ke3 Kf6
31. Kd4 Bc6 32. g3 Ke6 33. Bg2
1-0

[Event "the third english slow knock out"]
[Site "SchemingMind.com"]
[Date "2019.03.02"]
[Round "-"]
[White "clare1347"]
[Black "mochiron"]
[Result "1-0"]
[WhiteCountry "ENG"]
[BlackCountry "JPN"]
[WhiteElo "2385"]
[WhiteRD "97"]
[BlackElo "1562"]
[BlackRD "76"]
[GameID "438714"]

1. c4 f5 2. d4 e6 3. Nc3 Bb4 4. Bd2 Nf6 5. e3 Bxc3 6. Bxc3 O-O 7. Bd3 Ne4 8. Bxe4 fxe4 9. Nh3 Nc6 10. O-O d6
11. d5 exd5 12. Qxd5+ Kh8 13. Ng5 Ne5 14. Nxe4 Bf5 15. Bxe5 dxe5 16. Qxe5 Bxe4 17. Qxe4 Qg5 18. Qxb7 Rf5 19. Qxa8+
1-0

[Event "the third english slow knock out"]
[Site "SchemingMind.com"]
[Date "2019.03.02"]
[Round "-"]
[White "mochiron"]
[Black "clare1347"]
[Result "0-1"]
[WhiteCountry "JPN"]
[BlackCountry "ENG"]
[WhiteElo "1502"]
[WhiteRD "76"]
[BlackElo "2347"]
[BlackRD "96"]
[GameID "438715"]

1. c4 Nf6 2. Nc3 e5 3. Nd5 Nxd5 4. cxd5 c6 5. dxc6 Nxc6 6. e4 d5 7. Bb5 Qb6 8. Bxc6+ Qxc6 9. exd5 Qxd5 10. Qf3 Be6
11. Ne2 Qxf3 12. gxf3 Bd5 13. Ng1 Bc5 14. Ne2 Bxf3 15. Rg1 O-O 16. a3 f6 17. d3 Bxe2 18. Kxe2 Bd4 19. Bh6 Rf7 20. Rab1 Rc8
21. Kf3 Rc2 22. Ke4 f5+ 23. Kf3 Rxf2+ 24. Kg3 gxh6 25. Rbf1 Rxf1 26. Rxf1 f4+ 27. Kg4 Bxb2 28. Rg1 Rg7+ 29. Kf5 Rxg1
0-1

[Event "the third english slow knock out"]
[Site "SchemingMind.com"]
[Date "2019.03.19"]
[Round "-"]
[White "William Lindberg"]
[Black "Phil Cook"]
[Result "1/2-1/2"]
[WhiteCountry "USA"]
[BlackCountry "NZL"]
[WhiteElo "2488"]
[WhiteRD "67"]
[BlackElo "2434"]
[BlackRD "90"]
[GameID "439477"]

1. c4 b6 2. Nc3 Bb7 3. d4 e6 4. e4 Bb4 5. f3 f5 6. exf5 Qh4+ 7. g3 Qf6 8. fxe6 dxe6 9. Bg2 Ne7 10. Ne2 O-O
11. O-O Bxc3 12. Nxc3 Nf5 13. d5 Na6 14. Re1 exd5 15. cxd5 Rad8 16. f4 Rfe8 17. Re5 Rxe5 18. fxe5 Qxe5 19. Bf4 Qe7 20. Qd2 Re8
21. Rd1 h6 22. a3 Nd6 23. b4 Nb8 24. Bh3 Bc8 25. Bxc8 Nxc8 26. Nb5 Nd6 27. Nxa7 Nd7 28. Nc6 Qf7 29. a4 Nf6 30. Bxd6 cxd6
31. a5 bxa5 32. bxa5 Qh5 33. Re1 Rxe1+ 34. Qxe1 Kh8 35. a6 Qxd5 36. Ne7 Qa2 37. Qf1 d5 38. Ng6+ Kh7 39. Nf4 Qa5 40. Qd3+ Kh8
41. Qe2 Ne4 42. Kg2 Kh7 43. Kf3 Kh8 44. Kg2 Kg8= 45. g4 Nc5 46. g5 hxg5 47. Qe8+ Kh7 48. a7 Qxa7 49. Qh5+ Kg8 50. Qxg5 Qa2+
51. Kh3 Qb3+ 52. Kh4 Ne4 53. Qd8+ Kh7 54. Qd7 Nf6 55. Qf5+ Kh8 56. Ng6+ Kg8 57. Qc8+ Kf7 58. Ne5+ Ke7 59. Ng6+ Kd6 60. Qa6+ Kc5
61. Qa7+ Kc6 62. Qa8+ Kd7 63. Nf8+ Ke7 64. Ng6+ Kf7 65. Nh8+ Ke6 66. Qc8+ Kd6 67. Qf8+ Kc6 68. Qc8+ Kb5 69. Qb7+ Kc4 70. Qc7+ Kd3
71. Qxg7 Qc4+ 72. Kh3 Qc8+ 73. Kh4 Qc4+ 74. Kh3 Qc8+ 75. Kh4 Qc4+ 76. Kh3
1/2-1/2

[Event "the third english slow knock out"]
[Site "SchemingMind.com"]
[Date "2019.03.19"]
[Round "-"]
[White "Phil Cook"]
[Black "William Lindberg"]
[Result "1/2-1/2"]
[WhiteCountry "NZL"]
[BlackCountry "USA"]
[WhiteElo "2418"]
[WhiteRD "82"]
[BlackElo "2510"]
[BlackRD "73"]
[GameID "439478"]

1. c4 e5 2. Nc3 Nf6 3. Nf3 Nc6 4. g3 d5 5. cxd5 Nxd5 6. Bg2 Bc5 7. O-O O-O 8. d3 Re8 9. Nxd5 Qxd5 10. Bd2 Qd8
11. Bc3 Bb6 12. b4 Nd4 13. a4 a6 14. e3 Nxf3+ 15. Qxf3 c6 16. Qe2 Bf5 17. Rfd1 Qe7 18. Be4 Bxe4 19. dxe4 Red8 20. b5 axb5
21. axb5 Rxa1 22. Bxa1 Rxd1+ 23. Qxd1 g6 24. bxc6 bxc6 25. Qa4 Qc5 26. Bb2 Kg7 27. Qb3 Ba5 28. h3 Qd6 29. g4 h5 30. Kg2 hxg4
31. hxg4 Bd8 32. Kg3 Bf6 33. Bc3 Qe7 34. Qb2 Bh4+ 35. Kh3 Bf6 36. Kg3 Kh7 37. Bb4 Qb7 38. Bc3 Qe7 39. Qc2 Kg7 40. Qd2 Bh4+
41. Kh3 Bf6 42. Qb2=
1/2-1/2

[Event "the third english slow knock out"]
[Site "SchemingMind.com"]
[Date "2019.04.29"]
[Round "-"]
[White "splinter"]
[Black "Mihir Chandrashekhar"]
[Result "1/2-1/2"]
[WhiteCountry "CAN"]
[BlackCountry "IND"]
[WhiteElo "1786"]
[WhiteRD "75"]
[BlackElo "1854"]
[BlackRD "54"]
[GameID "440756"]

1. c4 Nf6 2. g3 e6 3. Bg2 Be7 4. Nc3 c5 5. Nf3 Nc6 6. O-O O-O 7. b3 d5 8. cxd5 exd5 9. Bb2 d4 10. Nb1 Bf5
11. d3 Qd7 12. Nbd2 Rfe8 13. Rc1 Rac8 14. Nc4 Qc7 15. e3 dxe3 16. fxe3 Rcd8 17. Ne1 Bg4 18. Qd2 b5 19. Na3 a6 20. Qf2 Nb8
21. Nb1 Nbd7 22. Nc3 Qb8 23. Ne4 Bh5 24. h3 Bg6 25. Nxf6+ Bxf6 26. Bxf6 Nxf6 27. e4 Nd7 28. Bf3 Ne5 29. Be2 c4 30. d4 Nd3
31. Nxd3 cxd3 32. Bxd3 Rxd4 33. Qxd4 Qxg3+=
1/2-1/2

[Event "the third english slow knock out"]
[Site "SchemingMind.com"]
[Date "2019.04.29"]
[Round "-"]
[White "Mihir Chandrashekhar"]
[Black "splinter"]
[Result "1-0"]
[WhiteCountry "IND"]
[BlackCountry "CAN"]
[WhiteElo "1854"]
[WhiteRD "54"]
[BlackElo "1786"]
[BlackRD "75"]
[GameID "440757"]

1. c4 c5 2. Nc3 Nc6 3. Nf3 Nf6 4. d4 cxd4 5. Nxd4 g6 6. e4 Nxd4 7. Qxd4 Bg7 8. e5 Ng8 9. c5 d6 10. cxd6 exd6
11. Bb5+ Kf8 12. Qxd6+ Qxd6 13. exd6 Be6 14. O-O a6 15. Ba4 b5 16. Bb3 Bxc3 17. bxc3 Bxb3 18. axb3 Ke8 19. Be3 h5 20. c4 bxc4
21. bxc4 Kd7 22. Bd4 Rh7 23. c5 Nh6 24. Rfb1 Nf5 25. Be3 Nxe3 26. fxe3 Kc6 27. Ra5 f5 28. Kf2 Rb7 29. Rxb7 Kxb7 30. Kf3 Kc6
31. h4 Re8 32. Rxa6+ Kxc5 33. d7 Rd8 34. Rxg6 Rxd7 35. Rg5
1-0

[Event "the third english slow knock out"]
[Site "SchemingMind.com"]
[Date "2019.05.01"]
[Round "-"]
[White "John Hamer"]
[Black "frankly"]
[Result "0-1"]
[WhiteCountry "ENG"]
[BlackCountry "ENG"]
[WhiteElo "1984"]
[WhiteRD "66"]
[BlackElo "2593"]
[BlackRD "63"]
[GameID "440770"]

1. c4 e5 2. Nc3 Nf6 3. Nf3 Nc6 4. e4 Bb4 5. d3 d6 6. g3 O-O 7. Bg2 Bg4 8. h3 Bxf3 9. Bxf3 Nd4 10. Bg2 a5
11. O-O c6 12. Kh2 Bc5 13. f4 exf4 14. Bxf4 Nd7 15. Rc1 Re8 16. Na4 Ne6 17. Qd2 Nxf4 18. Nxc5 dxc5 19. gxf4 Nf8 20. Rce1 f6
21. Bf3 Ne6 22. Bh5 Re7 23. f5 Nf8 24. Rg1 Nd7 25. Re3 Ne5 26. Reg3 Kh8 27. b3 Qd6 28. Qe3 b6 29. Rd1 Rd8 30. Be2= a4
31. bxa4 Ra7 32. Rb1 Rxa4 33. Rxb6 Rxa2 34. Rb3 g5 35. fxg6= Nxg6 36. Rb1 Nf4 37. Re1 Qe5 38. Kh1 Rxe2
0-1

[Event "the third english slow knock out"]
[Site "SchemingMind.com"]
[Date "2019.04.30"]
[Round "-"]
[White "frankly"]
[Black "John Hamer"]
[Result "1-0"]
[WhiteCountry "ENG"]
[BlackCountry "ENG"]
[WhiteElo "2593"]
[WhiteRD "63"]
[BlackElo "1984"]
[BlackRD "66"]
[GameID "440771"]

1. c4 Nf6 2. d4 g6 3. Nc3 Bg7 4. e4 d6 5. Nf3 O-O 6. Be2 Bg4 7. Be3 Nfd7 8. Rc1 c5 9. d5 a6 10. O-O Nb6
11. Ng5 Bd7 12. f4 h6 13. Nf3 e6 14. Qd2 exd5 15. cxd5 Re8 16. f5 g5 17. Nxg5 hxg5 18. Bxg5 f6 19. Be3 Qe7 20. Rf3 Kf7
21. Rh3 Rh8 22. Rxh8 Bxh8 23. b4 cxb4 24. Bh5+ Kg8 25. Ne2 Qd8 26. Qxb4 Bb5 27. Nf4 Nc4 28. Ne6 Qe7 29. Qe1 Nd7 30. Qg3+ Bg7
31. Bh6 Nc5 32. Bxg7 Nxe4 33. Qg6 Be8 34. Qh6
1-0

[Event "the third english slow knock out"]
[Site "SchemingMind.com"]
[Date "2019.05.09"]
[Round "-"]
[White "wight knight"]
[Black "aliwood"]
[Result "1-0"]
[WhiteCountry "ENG"]
[BlackCountry "ENG"]
[WhiteElo "1228"]
[WhiteRD "69"]
[BlackElo "1327"]
[BlackRD "69"]
[GameID "441002"]

1. c4 e5 2. d3 Nf6 3. f3 Be7 4. Bg5 h6 5. Bxf6 Bxf6 6. g4 d6 7. h3 Bh4+ 8. Kd2 Qg5+ 9. e3 O-O 10. Ne2 Nd7
11. Nbc3 Nc5 12. b4 Ne6 13. Nd5
1-0

[Event "the third english slow knock out"]
[Site "SchemingMind.com"]
[Date "2019.05.09"]
[Round "-"]
[White "aliwood"]
[Black "wight knight"]
[Result "0-1"]
[WhiteCountry "ENG"]
[BlackCountry "ENG"]
[WhiteElo "1327"]
[WhiteRD "69"]
[BlackElo "1228"]
[BlackRD "69"]
[GameID "441003"]

1. c4 e5 2. e4 Bc5 3. Nc3 c6 4. Nf3 f6 5. d3 d6 6. Be2 b6 7. O-O Bg4 8. a3 b5 9. b4 Bxf3 10. Bxf3 Bd4
11. Bb2 Bxc3 12. Bxc3 g6 13. d4 bxc4
0-1

[Event "the third english slow knock out"]
[Site "SchemingMind.com"]
[Date "2019.06.14"]
[Round "-"]
[White "maro"]
[Black "Wojciech  Langer"]
[Result "0-1"]
[WhiteCountry "MEX"]
[BlackCountry "INT"]
[WhiteElo "1454"]
[WhiteRD "63"]
[BlackElo "1678"]
[BlackRD "93"]
[GameID "442372"]

1. c4 c5 2. Nc3 Nf6 3. Nf3 e6 4. d4 cxd4 5. Nxd4 e5 6. Ndb5 a6 7. Nd6+ Bxd6 8. Qxd6 Qe7 9. Qc7 O-O 10. Bg5 Qe6
11. Rd1 Qc6 12. Qxe5 Re8 13. Qg3 Ne4 14. Nxe4 Qxe4 15. e3 Qe5 16. f4 Qxe3+ 17. Qxe3 Rxe3+ 18. Be2 f6 19. Bh4 a5 20. Bf2 Re6
21. c5 a4 22. Kd2 d6 23. Bc4 Ra6 24. Bxe6+ Bxe6 25. cxd6 Bxa2 26. Rhe1 Rxd6+ 27. Kc3 Rxd1 28. Rxd1 Nc6 29. Ra1 Bb3 30. f5 Kf7
31. g4 g5 32. fxg6+ hxg6 33. h4 Ne5 34. g5 Nd7 35. Rf1 f5 36. Kb4 Ne5 37. Bd4 Bc4 38. Rd1 Bb3 39. Rh1 Bd5 40. Rh3 Nc6+
41. Kc5 Bb3 42. h5 gxh5 43. Rxh5 Kg6 44. Rh8 Kxg5 45. Rb8 Nxb8
0-1

[Event "the third english slow knock out"]
[Site "SchemingMind.com"]
[Date "2019.06.14"]
[Round "-"]
[White "Wojciech  Langer"]
[Black "maro"]
[Result "1-0"]
[WhiteCountry "INT"]
[BlackCountry "MEX"]
[WhiteElo "1668"]
[WhiteRD "89"]
[BlackElo "1450"]
[BlackRD "57"]
[GameID "442373"]

1. c4 e5 2. Nc3 Nf6 3. e4 Bc5 4. Nf3 d6 5. h3 Nc6 6. Be2 Be6 7. d3 O-O 8. O-O h6 9. a3 Nd4 10. Nxd4 Bxd4
11. Be3 Bxc3 12. bxc3 c5 13. Qd2 a6 14. f4 exf4 15. Bxf4 Qc7 16. Bxh6 gxh6 17. Rxf6
1-0

[Event "the third english slow knock out"]
[Site "SchemingMind.com"]
[Date "2019.06.18"]
[Round "-"]
[White "Thomas Jacob Kelly"]
[Black "DANDYLIONHONEYBADGER"]
[Result "1-0"]
[WhiteCountry "USA"]
[BlackCountry "USA"]
[WhiteElo "1781"]
[WhiteRD "82"]
[BlackElo "1395"]
[BlackRD "77"]
[GameID "442377"]

1. c4 Nf6 2. d4 d5 3. cxd5 Nxd5 4. e4 Nf6 5. Bd3 Nc6 6. Ne2 e5 7. d5 Nd4 8. Nxd4 exd4 9. Qa4+ Bd7 10. Qxd4 Qe7
11. Bd2 Ng4 12. Bc3 f6 13. Nd2 b6 14. Nc4 Ne5 15. Nxe5 fxe5 16. Qxe5 Qxe5 17. Bxe5 Bb4+ 18. Ke2 O-O 19. Bxc7 b5 20. h3 Rac8
21. d6 Bc5 22. f3 Rf6 23. Rad1 Bb6 24. Bxb6 axb6 25. e5 Re6 26. f4 Rf8 27. g3 Ra8 28. Bf5 Rh6 29. Bxd7 Rxa2 30. Rd2 b4
31. Rc1 Rxh3 32. Be6+
1-0

[Event "the third english slow knock out"]
[Site "SchemingMind.com"]
[Date "2019.06.18"]
[Round "-"]
[White "DANDYLIONHONEYBADGER"]
[Black "Thomas Jacob Kelly"]
[Result "0-1"]
[WhiteCountry "USA"]
[BlackCountry "USA"]
[WhiteElo "1392"]
[WhiteRD "74"]
[BlackElo "1730"]
[BlackRD "86"]
[GameID "442378"]

1. c4 f5 2. Qb3 Nf6 3. d3 Nc6 4. Be3 e5 5. g3 b6 6. a3 Bb7 7. Bg2 Na5 8. Qc2 Bxg2 9. f3 Bxh1 10. b4 Nc6
11. Nh3 Bg2 12. Nf2 f4 13. gxf4 exf4 14. Bxf4 Qe7 15. Nc3 Nd4 16. Qb2 Bxf3 17. O-O-O Bh5 18. Nfe4 Ne6 19. Bg5 Nxg5 20. Nxg5 g6
21. Nce4 Nxe4 22. Qxh8 Qxg5+ 23. Kb2 Nf6 24. Rf1 Kf7 25. e4 Re8 26. Rxf6+ Qxf6+
0-1

[Event "the third english slow knock out"]
[Site "SchemingMind.com"]
[Date "2019.06.18"]
[Round "-"]
[White "Johnny Owens"]
[Black "Mihir Chandrashekhar"]
[Result "1-0"]
[WhiteCountry "USA"]
[BlackCountry "IND"]
[WhiteElo "2335"]
[WhiteRD "88"]
[BlackElo "1862"]
[BlackRD "51"]
[GameID "442558"]

1. c4 e5 2. Nc3 Nf6 3. g3 Bb4 4. Bg2 Nc6 5. Nd5 O-O 6. e3 Nxd5 7. cxd5 Ne7 8. Ne2 c6 9. a3 Bd6 10. Nc3 Qa5
11. O-O Nxd5 12. Nxd5 cxd5 13. d3 Be7 14. Qb3 d6 15. Bxd5 Rb8 16. Rd1 Bd7 17. Bd2 Qb5 18. Qxb5 Bxb5 19. Rac1 Bxd3 20. Rc7 Bd8
21. Rxb7 Rxb7 22. Bxb7 Be7 23. Rc1 Rb8 24. Bd5 Bd8 25. e4 Kf8 26. Bb4 Ke7 27. Rc6
1-0

[Event "the third english slow knock out"]
[Site "SchemingMind.com"]
[Date "2019.06.18"]
[Round "-"]
[White "Mihir Chandrashekhar"]
[Black "Johnny Owens"]
[Result "0-1"]
[WhiteCountry "IND"]
[BlackCountry "USA"]
[WhiteElo "1959"]
[WhiteRD "52"]
[BlackElo "2408"]
[BlackRD "78"]
[GameID "442559"]

1. c4 Nf6 2. Nf3 g6 3. d4 Bg7 4. g3 O-O 5. Bg2 c6 6. O-O d5 7. Qb3 Qb6 8. Qxb6 axb6 9. cxd5 Nxd5 10. Bd2 Rd8
11. a3 Bg4 12. e4 Nc7 13. Bc3 Bxf3 14. Bxf3 Bxd4 15. Bxd4 Rxd4 16. Nc3 e5 17. Rfd1 Nba6 18. Ne2 Rdd8 19. b4 Rxd1+ 20. Rxd1 Nb5
21. a4 Na3 22. b5 Nc5 23. bxc6 bxc6 24. Rd6 Rxa4 25. Rxc6 Rb4
0-1

[Event "the third english slow knock out"]
[Site "SchemingMind.com"]
[Date "2019.06.21"]
[Round "-"]
[White "Robert Bruce"]
[Black "Helga1946"]
[Result "1-0"]
[WhiteCountry "SCO"]
[BlackCountry "GER"]
[WhiteElo "2443"]
[WhiteRD "66"]
[BlackElo "2235"]
[BlackRD "64"]
[GameID "442705"]

1. c4 c5 2. g3 d5 3. Bg2 d4 4. b4 e5 5. b5 a6 6. d3 axb5 7. cxb5 Qa5+ 8. Nd2 Qxb5 9. Ngf3 f6 10. a4 Qa6
11. Nc4 b5 12. Na3 Qxa4 13. Nc2 Qxa1 14. Nxa1 Rxa1 15. e3 dxe3 16. fxe3 Be6 17. O-O Nd7 18. d4 Bc4 19. dxe5 b4 20. Bh3 Nb6
21. Nd2 Bxf1 22. Qxf1 c4 23. Nxc4 Bc5 24. Kg2 Ra2+ 25. Kf3 fxe5 26. Nxb6 e4+ 27. Kxe4 Nf6+ 28. Kf3 O-O 29. Qc4+
1-0

[Event "the third english slow knock out"]
[Site "SchemingMind.com"]
[Date "2019.06.21"]
[Round "-"]
[White "Helga1946"]
[Black "Robert Bruce"]
[Result "0-1"]
[WhiteCountry "GER"]
[BlackCountry "SCO"]
[WhiteElo "2235"]
[WhiteRD "64"]
[BlackElo "2443"]
[BlackRD "66"]
[GameID "442706"]

1. c4 Nf6 2. d4 c5 3. d5 b5 4. cxb5 a6 5. bxa6 g6 6. a7 Rxa7 7. e3 Bg7 8. Nc3 O-O 9. e4 e6 10. dxe6 fxe6
11. e5 Nh5 12. Qd6 Nc6 13. Nf3 Rxf3 14. gxf3 Nd4 15. Qxc5 Nxf3+ 16. Kd1 Rc7 17. Qb6 Bxe5 18. Be3 Nf4 19. Qb4 Rb7 20. Qa3 Rb8
21. Rc1 Bb7 22. Ne2 Nd5 23. Ba7 Qg5 24. Qd3 Ra8 25. Be3 Nxe3+ 26. fxe3 Ra6 27. h4 Qf6 28. Bg2 Rd6
0-1

[Event "the third english slow knock out"]
[Site "SchemingMind.com"]
[Date "2019.06.30"]
[Round "-"]
[White "clare1347"]
[Black "Till Plewe"]
[Result "0-1"]
[WhiteCountry "ENG"]
[BlackCountry "JPN"]
[WhiteElo "2274"]
[WhiteRD "91"]
[BlackElo "2535"]
[BlackRD "93"]
[GameID "442976"]

1. c4 f5 2. d4 Nf6 3. Nc3 d6 4. Nf3 g6 5. Bf4 Bg7 6. e3 Nc6 7. Bd3 O-O 8. O-O Nh5 9. Be2 Nxf4 10. exf4 e5
11. dxe5 dxe5 12. Qd5+ Kh8 13. fxe5 Qe7 14. Rae1 g5 15. Nd4 Nxe5 16. Qa5 c6 17. Nf3 Ng6 18. Bd1 Qf6 19. c5 g4 20. Nd2 f4
21. Bc2 Ne5 22. Nce4 Qh4 23. Kh1 Be6 24. Qb4 Rf5 25. Nd6 Rh5 26. Qxf4 Bh6 27. Qg3 Qxg3 28. fxg3 Bxd2
0-1

[Event "the third english slow knock out"]
[Site "SchemingMind.com"]
[Date "2019.06.30"]
[Round "-"]
[White "Till Plewe"]
[Black "clare1347"]
[Result "1-0"]
[WhiteCountry "JPN"]
[BlackCountry "ENG"]
[WhiteElo "2547"]
[WhiteRD "89"]
[BlackElo "2233"]
[BlackRD "82"]
[GameID "442977"]

1. c4 e5 2. Nc3 Nf6 3. e3 Nc6 4. Nf3 Bb4 5. Qc2 d6 6. Nd5 Bc5 7. a3 Bb6 8. Nxb6 cxb6 9. d3 Bg4 10. Be2 Rc8
11. b4 b5 12. Bb2 O-O 13. O-O Qd7 14. h3 Bh5 15. Rfd1 Rfe8 16. Qd2 bxc4 17. dxc4 e4 18. Nd4 Bxe2 19. Nxe2 Qe6 20. Qxd6 Qxc4
21. Bxf6 Qxe2 22. Qg3 g6 23. Rd6 Ne7 24. Qf4 Qb5 25. g4 g5 26. Bxg5 Ng6 27. Qf6 Qe5 28. Rad1 Qxf6 29. Bxf6 Ne7 30. R1d4 Ng6
31. Kg2 Ra8 32. Kg3 Nf8 33. R4d5 b6 34. h4
1-0

[Event "the third english slow knock out"]
[Site "SchemingMind.com"]
[Date "2019.07.13"]
[Round "-"]
[White "Wojciech  Langer"]
[Black "Iucounu"]
[Result "1-0"]
[WhiteCountry "INT"]
[BlackCountry "ENG"]
[WhiteElo "1699"]
[WhiteRD "95"]
[BlackElo "1632"]
[BlackRD "87"]
[GameID "443404"]

1. c4 e5 2. g3 Nc6 3. Bg2 Nf6 4. Nc3 g6 5. Nf3 Bg7 6. Qc2 O-O 7. e4 d6 8. a3 a5 9. O-O Rb8 10. d3 b6
11. Be3 Ng4 12. Bd2 Bb7 13. h3 Nh6 14. Qc1 Nd4 15. Nxd4 exd4 16. Ne2 c5 17. Bxh6 Bc6 18. Bxg7 Kxg7 19. f4 Qd7 20. g4 f6
21. Qe1 Rbe8 22. Qh4 h6 23. b3 g5 24. fxg5 hxg5 25. Qg3 Qe6 26. Rf2 Qe5 27. Raf1 Qxg3 28. Nxg3 Bd7 29. Nh5+ Kg6 30. Rxf6+ Rxf6
31. Rxf6+
1-0

[Event "the third english slow knock out"]
[Site "SchemingMind.com"]
[Date "2019.07.13"]
[Round "-"]
[White "Iucounu"]
[Black "Wojciech  Langer"]
[Result "1/2-1/2"]
[WhiteCountry "ENG"]
[BlackCountry "INT"]
[WhiteElo "1611"]
[WhiteRD "88"]
[BlackElo "1689"]
[BlackRD "96"]
[GameID "443405"]

1. c4 c5 2. Nf3 Nf6 3. d4 e6 4. d5 d6 5. Nc3 exd5 6. cxd5 g6 7. Bg5 Bg7 8. e4 O-O 9. Bd3 a6 10. h3 Qc7
11. O-O Re8 12. Nd2 Nbd7 13. Rc1 b5 14. b3 Nf8 15. f3 b4 16. Ne2 h6 17. Be3 Bd7 18. Nc4 Rad8 19. Bf4 Bc8 20. Bh2 N6h7
21. Kh1 g5 22. Ng3 Nf6 23. Nf5 Bxf5 24. exf5 Kh8 25. g4 Re7 26. Qd2 Qb8 27. Rce1 Rxe1 28. Rxe1 Nxd5 29. Be4 Bc3 30. Qd1 Nf4
31. Bxf4 gxf4 32. Nd2 Be5 33. Bd5 Qc7 34. Nc4 Nh7 35. Qd3 f6 36. Nxe5 fxe5 37. Qxa6 Nf6 38. Qc4 Qe7=
1/2-1/2

[Event "the third english slow knock out"]
[Site "SchemingMind.com"]
[Date "2019.07.19"]
[Round "-"]
[White "Matthew Bailey"]
[Black "frankly"]
[Result "0-1"]
[WhiteCountry "ENG"]
[BlackCountry "ENG"]
[WhiteElo "2188"]
[WhiteRD "75"]
[BlackElo "2607"]
[BlackRD "73"]
[GameID "443700"]

1. c4 e5 2. Nc3 Nf6 3. Nf3 Nc6 4. g3 e4 5. Ng5 d5 6. cxd5 Nxd5 7. Ngxe4 f5 8. Ng5 h6 9. Nf3 Be6 10. d4 Qd7
11. Bg2 O-O-O 12. O-O g5 13. Qc2 Bg7 14. e3 Kb8 15. Bd2 Rhf8 16. Na4 Ncb4 17. Qb3 Na6 18. Qa3 Nb6 19. Nxb6 cxb6 20. Rac1 Bd5
21. Rfd1 Qe6 22. Ne1 Nc7 23. Bxd5 Nxd5 24. Qd3 a6 25. Nf3 Bf6 26. Ne5 Bxe5 27. dxe5 Qxe5 28. Bc3 Qe6 29. Bg7 Rg8 30. Bc3 Nxc3
31. Qxc3 Rxd1+ 32. Rxd1 Qxa2 33. Qe5+ Ka7 34. Qxf5 Qxb2 35. Rb1 Qa2 36. Rd1 Qc4 37. Rd4 Qc3 38. h4 b5 39. Rd3 Qc1+ 40. Kg2 gxh4
41. Qd5 Qc4 42. e4 hxg3 43. f4 h5
0-1

[Event "the third english slow knock out"]
[Site "SchemingMind.com"]
[Date "2019.07.19"]
[Round "-"]
[White "frankly"]
[Black "Matthew Bailey"]
[Result "1-0"]
[WhiteCountry "ENG"]
[BlackCountry "ENG"]
[WhiteElo "2607"]
[WhiteRD "73"]
[BlackElo "2188"]
[BlackRD "75"]
[GameID "443701"]

1. c4 e5 2. g3 Ne7 3. Bg2 Nbc6 4. Nc3 g6 5. e3 Bg7 6. Nge2 O-O 7. O-O Re8 8. d3 d6 9. Rb1 Bg4 10. h3 Be6
11. b4 d5 12. b5 Na5 13. Qa4 dxc4 14. dxc4 Nxc4 15. Bxb7 f5 16. Qc2 Rb8 17. Rd1 Nd6 18. Bg2 e4 19. a4 Qc8 20. Ba3 Nc4
21. Bxe7 Rxe7 22. Nd5 Bxd5 23. Rxd5 Ne5 24. Nd4 h5 25. Rc5 Kh7 26. a5 Rd7 27. Bf1 h4 28. g4 Rxd4 29. exd4 Nf3+ 30. Kh1 Qf8
31. gxf5 gxf5 32. Rd5 Rd8 33. Rxd8 Qxd8 34. Bg2 Nxd4 35. Qc5 Bf8 36. Qxa7 Nxb5 37. Qa6 Nc3 38. Rg1 Bd6 39. Qc4 Qf6 40. Bf1
1-0

[Event "the third english slow knock out"]
[Site "SchemingMind.com"]
[Date "2019.07.20"]
[Round "-"]
[White "Robert Hatfield"]
[Black "wight knight"]
[Result "1-0"]
[WhiteCountry "USA"]
[BlackCountry "ENG"]
[WhiteElo "1885"]
[WhiteRD "67"]
[BlackElo "1228"]
[BlackRD "69"]
[GameID "443794"]

1. c4 e5 2. g3 b6 3. Bg2 c6 4. d3 Bc5 5. Nf3 g5 6. Bxg5 f6 7. Bd2 d5 8. cxd5 b5 9. dxc6 Nxc6 10. O-O a5
11. Nc3 Bb4 12. Nxb5 Bxd2 13. Qxd2 Ba6 14. Nc3 Bb7 15. Rac1 a4 16. Ne4 Nd4 17. Nxd4 Qxd4 18. Rc4 Qd7 19. Nc5 Qb5 20. Nxb7 Qxb7
21. Bxb7 Ra7 22. Rc7 a3 23. Bc6+
1-0